Építő keresztény beszédek
Elmentve itt :
| Szerző: | |
|---|---|
| Adatforrás: | Philobibl |
| Dokumentumtípus: | Könyv |
| Nyelv: | magyar |
| Kulcsszavak: | vallásfilozófia egzisztencializmus |
| Megjelent: |
Bp.
Hermeneutikai Kutatóközpont
1995
|
| Sorozat: | Hermeneutikai füzetek 5.
|
| LEADER | 00587nam a2200193 c 4500 | ||
|---|---|---|---|
| 001 | bibDOK00004875 | ||
| 005 | 20200924120102.5 | ||
| 008 | 060518s1995 hu hun | ||
| 100 | 1 | |a Kierkegaard, Sören | |
| 245 | 1 | 0 | |a Építő keresztény beszédek |c Kierkegaard, Sören |
| 260 | |a Bp. |b Hermeneutikai Kutatóközpont |c 1995 | ||
| 300 | |a 89 p. | ||
| 490 | 1 | |a Hermeneutikai füzetek 5. | |
| 500 | |a Bohács Zoltán (ford.) | ||
| 500 | |a Molnár Anna (ford.) | ||
| 500 | |a Kocziszky Éva (vál.) | ||
| 695 | |a vallásfilozófia | ||
| 695 | |a egzisztencializmus | ||
| 830 | 0 | |a Hermeneutikai füzetek 5. | |